Stacje i przystanki osobowe obsługiwane przez Koleje Małopolskie - Statystyki

Ogólne statystyki
  • Ten quiz został rozwiązany 18 razy
  • Średni wynik to 36 z 141
Statystyki odpowiedzi
Stacja % Poprawnych
Kraków Główny
100%
Nowy Sącz
77%
Tarnów
77%
Chrzanów
69%
Oświęcim
69%
Zakopane
69%
Bochnia
62%
Brzesko Okocim
62%
Kraków Lotnisko
62%
Kraków Płaszów
62%
Trzebinia
62%
Kraków Grzegórzki
54%
Krynica-Zdrój
54%
Krzeszowice
54%
Miechów
54%
Poronin
54%
Wieliczka Rynek-Kopalnia
54%
Kraków Batowice
46%
Kraków Łagiewniki
46%
Kraków Piastów
46%
Kraków Prokocim
46%
Muszyna
46%
Nowy Targ
46%
Piwniczna-Zdrój
46%
Sucha Beskidzka Zamek
46%
Zator
46%
Grybów
38%
Kalwaria Zebrzydowska Lanckorona
38%
Kraków Bieżanów
38%
Kraków Bonarka
38%
Kraków Bronowice
38%
Kraków Mydlniki
38%
Maków Podhalański
38%
Skawina
38%
Stary Sącz
38%
Tuchów
38%
Wieliczka Park
38%
Biecz
31%
Bobowa
31%
Chrzanów Śródmieście
31%
Kraków Bieżanów Drożdżownia
31%
Kraków Łobzów
31%
Kraków Mydlniki Wapiennik
31%
Kraków Sanktuarium
31%
Kraków Zabłocie
31%
Podłęże
31%
Rudawa
31%
Rytro
31%
Sędziszów
31%
Słomniki
31%
Słomniki Miasto
31%
Tarnów Mościce
31%
Zabierzów
31%
Zastów
31%
Bobowa-Miasto
23%
Chabówka Stadion
23%
Dwory
23%
Jasło
23%
Kozłów
23%
Kraków Podgórze
23%
Kraków Sidzina
23%
Kraków Swoszowice
23%
Łuczyce
23%
Muszyna Zdrój
23%
Niedźwiedź
23%
Nowy Sącz Jamnica
23%
Stróże
23%
Tunel
23%
Wilczyska
23%
Zator Park Rozrywki
23%
Baranówka
15%
Chełmek
15%
Dulowa
15%
Gorlice Zagórzany
15%
Gorzów Chrzanowski
15%
Goszcza
15%
Kamionka Wielka
15%
Kłaj
15%
Kokotów
15%
Kraków Olszanica
15%
Kraków Opatkowice
15%
Kraków Zakliki
15%
Kraków Złocień
15%
Libiąż
15%
Łowczów
15%
Łowczówek Pleśna
15%
Nowy Sącz Gorzków
15%
Przeciszów
15%
Rzezawa
15%
Spytkowice
15%
Staniątki
15%
Szalowa
15%
Szarów
15%
Szczepanowice
15%
Wieliczka Bogucice
15%
Wielkie Drogi
15%
Wola Filipowska
15%
Zabierzów Rząska
15%
Żegiestów-Zdrój
15%
Biadoliny
8%
Bogumiłowice
8%
Bogumiłowice Ciężkowice
8%
Brzeźnica
8%
Chojnik
8%
Cikowice
8%
Gromnik
8%
Jankowa
8%
Jasień Brzeski
8%
Jaśkowice
8%
Jasło Niegowice
8%
Kamieńczyce
8%
Klimontów
8%
Kłokowa
8%
Kraków Młynówka
8%
Libusza
8%
Łomnica-Zdrój
8%
Lubaszowa
8%
Moszczenica Małopolska
8%
Mszalnica
8%
Pisary
8%
Pławna
8%
Podbory Skawińskie
8%
Polna
8%
Półwieś
8%
Przysieki
8%
Pstroszyce
8%
Ptaszkowa
8%
Ryczów
8%
Siedlisko koło Tuchowa
8%
Siepietnica
8%
Skawina Jagielnia
8%
Skawina Zachodnia
8%
Skołyszyn
8%
Smroków
8%
Spytkowice Kępki
8%
Stanisławice
8%
Sterkowiec
8%
Węgrzce Wielkie
8%
Włosienica
8%
Wola Łużańska
8%
Zelczyna
8%
Nie znaleziono quizów pasujących do podanych kryteriów
Rozkład punktacji
Procent ludzi z każdym wynikiem
Percentyl według liczby udzielonych odpowiedzi
Twoja historia wyników
Nie rozwiązałeś tego quizu